Countries of the Americas - Statistics

General Stats
  • This quiz has been taken 32 times
  • The average score is 32 of 35
Answers on the Map
Answers color-coded by a green-red scale on the quiz's map according to % correct below.
 
Answer Stats
Answer % Correct
Argentina
100%
Brazil
100%
Canada
100%
Chile
100%
Colombia
100%
Cuba
100%
United States of America
100%
Mexico
100%
Peru
100%
Venezuela
100%
Bolivia
95%
Costa Rica
95%
Dominica
95%
Honduras
95%
Panama
95%
Paraguay
95%
Uruguay
95%
Jamaica
91%
Ecuador
91%
Guatemala
91%
Nicaragua
91%
Suriname
91%
Belize
86%
Dominican Republic
86%
El Salvador
86%
Guyana
86%
Haiti
86%
Saint Kitts and Nevis
82%
Trinidad and Tobago
82%
Antigua and Barbuda
77%
Bahamas
77%
Saint Lucia
77%
Grenada
73%
Saint Vincent and the Grenadines
73%
Barbados
68%
No matching quizzes found
Score Distribution
Percent of People with Each Score
Percentile by Number Answered
Your Score History
You have not taken this quiz